Statistics for Top 25 Biggest Cities in Wisconsin in 1870

Click here to take the quiz!

General Stats

  • This quiz has been taken 11 times
  • The average score is 17 of 25

Answer Stats

PopulationAnswer% Correct
4,518Appleton
100%
12,764Fond du Lac
100%
4,666Green Bay
100%
4,209Kenosha
100%
7,785La Crosse
100%
9,176Madison
100%
71,440Milwaukee
100%
12,663Oshkosh
100%
9,880Racine
100%
5,310Sheboygan
100%
8,789Janesville
83%
3,689Wauwatosa
83%
4,396Beloit
67%
5,168Manitowoc
67%
3,877Waukesha
67%
4,119Ripon
50%
4,285Whitewater
50%
4,825Mineral Point
33%
4,536Monroe
33%
3,683Platteville
33%
3,945Portage
33%
5,364Watertown
33%
3,800Berlin
17%
3,708Dodgeville
17%
4,408Jefferson
17%

Score Distribution

Percentile by Number Answered

Percent of People with Each Score

Your Score History

You have not taken this quiz